000 00930nas a2200289 4500
001 BR2010005575
003 BR-BrBNA
005 20231205114818.0
007 ta
008 230509b bl.|||p| |||| 00| 00por d
040 _aBR-BrBNA
_bpor
_cBiblioteca Nacional de Agricultura
041 _a(En)
072 _aL70; L50
100 1 _aPinto, M.C.L.
100 1 _aMelo, M.M.
100 1 _aCosta, M.E.R.
100 1 _aLabarrere, C.R.
245 1 _aHematological and biochemical profiles of rats submitted to experimental poisoning with Tityus serrulatus venom
650 _aANIMAL DE LABORATÓRIO
650 _aVETERINÁRIA
650 _aHEMATOLOGIA
650 _aINTOXICAÇÃO
650 _aESCORPIÃO
773 0 _tArquivo Brasileiro de Medicina Veterinária e Zootecnia (Brazil)
_xISSN 0102-0935
_g(Apr 2010), v. 62(2) p. 350-356
_wBR2010005575
909 _a202311
_bLúcia
_c55
_dLúcia Elande
942 _2AGRIS
_n0
_cANA
999 _c210621
_d210621